000
00287nam a22001337a 4500
008
170830b xxu||||| |||| 00| 0 eng d
020
_a
9780205368310
041
_a
eng
080
_a
070
100
_a
39
101
_a
MED
245
_a
ELECTRONIC MEDIA
_c
DAVIE.W.R
942
_2
udc
_c
BK
999
_c
25472
_d
25472